| 000 | 01030nam a2200193 4500 | ||
|---|---|---|---|
| 999 |
_c63794 _d63794 |
||
| 003 | Ge_BSU | ||
| 005 | 20260114205932.0 | ||
| 008 | 260114s1960 ge ||||| |||| 00| 0 geo d | ||
| 041 | _ageo | ||
| 080 | _a338.45:621.3(075.32) გ-20 | ||
| 100 |
_aგანი, ვ. _926684 |
||
| 245 |
_aწარმოების ეკონომიკა და ორგანიზაცია ელექტროტექნიკურ მრეწველობაში : _b[დამხმ. სახელმძღვ. ტექნიკუმებისათვის] / _cვ. განი. |
||
| 250 | _aმე-2 გადამუშ. გამოცემა | ||
| 264 |
_aთბილისი : _bცოდნა, _c1960. |
||
| 300 |
_a511 გვ. : _bნახაზ. და ცხრილ. ; _c23 სმ. |
||
| 504 | _aბიბლიოგრ: გვ. 511. | ||
| 653 | _aელექტროტექნიკური მრეწველობის ეკონომიკა | ||
| 942 |
_2udc _cᲬᲘᲒᲜᲘ |
||